Central Library OPAC University of Rajshahi

Principles, politics, and fundamental law : (Record no. 4433)

MARC details
000 -LEADER
fixed length control field 00911nam a2200265 a 4500
001 - CONTROL NUMBER
control field 4433
003 - CONTROL NUMBER IDENTIFIER
rucl marc code BD-RjUL
005 - DATE AND TIME OF LATEST TRANSACTION
control field 20211208233906.0
008 - FIXED-LENGTH DATA ELEMENTS--GENERAL INFORMATION
fixed length control field 131222s1961 mau b 001 0 eng
035 ## - SYSTEM CONTROL NUMBER
System control number (BD-RjUL)4468
040 ## - CATALOGING SOURCE
Original cataloging agency CU-AL
Transcribing agency CU-AL
Modifying agency CStclU-L
-- MBU-L
-- BD-RjUL
Language of cataloging eng
041 ## - LANGUAGE CODE
Language code of text/sound track or separate title eng
082 04 - DEWEY DECIMAL CLASSIFICATION NUMBER
Edition number 16
Classification number 342
Author mark and year WEP 1961
090 ## - LOCALLY ASSIGNED LC-TYPE CALL NUMBER (OCLC); LOCAL CALL NUMBER (OCLC)
Classification number (OCLC) (R) ; Classification number, CALL (RLIN) (NR) KF4550.A2
Local cutter number (OCLC) ; Book number/undivided call number, CALL (RLIN) W43 1961
100 1# - MAIN ENTRY--PERSONAL NAME
Personal name Wechsler, Herbert,
Dates associated with a name 1909-
9 (RLIN) 14016
245 10 - TITLE STATEMENT
Title Principles, politics, and fundamental law :
Remainder of title selected essays /
Statement of responsibility, etc. Herbert Wechsler.
260 ## - PUBLICATION, DISTRIBUTION, ETC. (IMPRINT)
Place of publication, distribution, etc. Cambridge, Mass. :
Name of publisher, distributor, etc. Harvard University Press,
Date of publication, distribution, etc. 1961.
300 ## - PHYSICAL DESCRIPTION
Pagination xvi, 171 p. ;
Size 22 cm.
504 ## - BIBLIOGRAPHY, ETC. NOTE
Bibliography, etc Includes bibliographical references and index.
650 #0 - SUBJECT ADDED ENTRY--TOPICAL TERM
Topical term or geographic name as entry element Constitutional law
Geographic subdivision United States.
9 (RLIN) 14017
Topical term or geographic name as entry element Nuremberg Trial of Major German War Criminals, Nuremberg, Germany, 1945-1946.
9 (RLIN) 12713
942 ## - ADDED ENTRY ELEMENTS (KOHA)
Source of classification or shelving scheme Dewey Decimal Classification
Koha item type Books
Holdings
Lost status Source of classification or shelving scheme Damaged status Not for loan Collection code Permanent Location Current Location Shelving location Date acquired Source of acquisition Cost, normal purchase price Total Checkouts Full call number Date last seen Copy number Koha item type
  Dewey Decimal Classification   Not For Loan Non-fiction Central Library, University of Rajshahi Central Library, University of Rajshahi Reading Room 19/11/1964 Mirza book 21.25   342 WEP 1961 22/12/2013 C-1 Books